Analýza účtovnej závierky zostavenej podľa IFRS diplomová práca

Salvato in:
Dettagli Bibliografici
Autore principale: Griač, Peter
Ente Autore: Fakulta podnikového manažmentu EU. Katedra podnikových financií
Altri autori: Tučníková, Daniela
Natura: Libro
Lingua:slovacco
Pubblicazione: Bratislava 2017
Tags: Aggiungi Tag
Nessun Tag, puoi essere il primo ad aggiungerne!!

MARC

LEADER 00000nbm a2200000 4500
001 0232318
005 20171018101600.3
041 0 |a slo 
044 |a SK 
245 1 0 |a Analýza účtovnej závierky zostavenej podľa IFRS  |b diplomová práca  |c Peter Griač ; školiteľ: Daniela Tučníková 
264 1 |a Bratislava  |c 2017 
300 |a 94 s. 
100 1 |a Griač, Peter 
700 1 |a Tučníková, Daniela 
710 2 |a Fakulta podnikového manažmentu EU. Katedra podnikových financií